000 00827nam a2200241Ia 4500
003 OSt
005 20220916111038.0
006 a|||||r|||| 00| 0
007 ta
008 220915b |||||||| |||| 00| 0 raj d
024 _a175950
037 _cTextbook
040 _bRAJ
_aARTS
_cARTS
041 _aRAJ
082 _aO1528,1JKH,1, 152K0
100 _aखिड़िया जगा
245 0 _aवचनिका, संपा0 काशीराम शर्मा तथा रघुवीर सिंह
260 _aदिल्ली
_bराजकमल प्रका0
_c1960
300 _a97,133पृ0
_ccm.
650 _aराजस्थनी साहित्य
942 _hO1528,1JKH,1, 152K0
_cTB
_2CC
999 _c104457
_d104457